Every investor's guide to wall street words

Bibliographic Details
Main Author: Scott, David L
Format: Book
Published: Boston : Houghton Mifflin , 1988
Subjects:

MARC

LEADER 00000cam a2200000 7i4500
001 0000003943
002 000004248
005 20000330.0
020 |a 0395467772 
090 0 0 |a 332.60321   |b SCO 
100 1 |a Scott, David L 
245 1 0 |a Every investor's guide to wall street words   |c David L. Scott 
260 |a Boston :   |b Houghton Mifflin ,   |c 1988 
300 |a 404p. ;   |c 24cm. 
650 0 0 |a Investments   |x Dictionaries 
650 0 0 |a Stock exchanges   |x Dictionaries 
999 |a 037065   |b BUKU   |c PINJAMAN   |e PERPUSTAKAAN KOMUNITI PETALING JAYA